Hacer camino con Freud / (Record no. 192114)

MARC details
000 -LEADER
campo de control de longitud fija 00879nam a2200253 i 4500
001 - NÚMERO DE CONTROL
campo de control 192114
003 - IDENTIFICADOR DE NÚMERO DE CONTROL
campo de control ES-MaACL
005 - FECHA Y HORA DE LA ÚLTIMA TRANSACCIÓN
campo de control 20240130204126.0
008 - DATOS DE LONGITUD FIJA--INFORMACIÓN GENERAL
campo de control de longitud fija 221104s2009 ag 000 0 spa c
020 ## - NÚMERO INTERNACIONAL ESTÁNDAR DEL LIBRO
Número Internacional Estándar del Libro 978-950-892-333-2
040 ## - FUENTE DE CATALOGACIÓN
Centro catalogador/agencia de origen SpMaUCPS
Centro/agencia transcriptor ES-MaACL
080 ## - NÚMERO DE LA CLASIFICACIÓN DECIMAL UNIVERSAL
Número de la Clasificación Decimal Universal 159.964.2
100 1# - ENTRADA PRINCIPAL--NOMBRE DE PERSONA
Nombre de persona Braier, Eduardo.
9 (RLIN) 175726
Término indicativo de función/relación Autor
245 10 - MENCIÓN DEL TÍTULO
Título Hacer camino con Freud /
Mención de responsabilidad, etc. Eduardo Braier.
260 ## - PUBLICACIÓN, DISTRIBUCIÓN, ETC.
Lugar de publicación, distribución, etc. Buenos Aires :
Nombre del editor, distribuidor, etc. Lugar Editorial,
Fecha de publicación, distribución, etc. 2009.
300 ## - DESCRIPCIÓN FÍSICA
Extensión 400 páginas ;
Dimensiones 22 cm.
600 14 - PUNTO DE ACCESO ADICIONAL DE MATERIA--NOMBRE DE PERSONA
Nombre de persona Freud, Sigmund,
Fechas asociadas al nombre 1856-1939-
Subdivisión general Crítica e interpretación
9 (RLIN) 52549
650 #4 - PUNTO DE ACCESO ADICIONAL DE MATERIA--TÉRMINO DE MATERIA
Término de materia o nombre geográfico como elemento de entrada Psicoanálisis.
9 (RLIN) 16530
852 ## - LOCALIZACIÓN
Ubicación ES-MaACL
Número de control de estantería N-8057
itemnumber 199396
Donativo/Legado Donación: Eduardo Braier
Ubicación en estantería Depósito J
Sublocalización o colección R. 152864
Anotaciones manuscritas Dedicatoria autógrafa del autor
903 ## - NOMBRE PERSONAL DE DONANTE
9 175726
a Braier, Eduardo
e Donante
942 ## - ELEMENTOS DE ENTRADA SECUNDARIOS (KOHA)
Tipo de ítem Koha Libro impreso
Suprimir en OPAC No
Holdings
Estatus retirado Estado de pérdida Fuente del sistema de clasificación o colocación Estado de daño No para préstamo Colección Biblioteca de origen Biblioteca actual Ubicación en estantería Fecha de adquisición Fuente de adquisición Total de préstamos Signatura topográfica completa Código de barras Visto por última vez Tipo de ítem Koha Nota pública
    Clasificación decimal universal     Libros con dedicatorias Biblioteca del Ateneo de Madrid Biblioteca del Ateneo de Madrid Depósito J 04/11/2022 Donación   N-8057 101206500 23/02/2023 Libro impreso Dedicatoria autógrafa del autor